| 000 | 00933nac a22003137a 4500 | ||
|---|---|---|---|
| 001 | BR0103435 | ||
| 003 | BR-BrBNA | ||
| 005 | 20240105122557.0 | ||
| 008 | 230509b bl.|||m| |||| 00| 0 por d | ||
| 040 |
_aBR-BrBNA _bpor _cBiblioteca Nacional de Agricultura |
||
| 072 | _aN20 | ||
| 090 | _a1540 BR0103435 | ||
| 100 | 1 | _aCardoso, E.M.R. | |
| 100 | 1 | _aMascarenhas, R.E.B. | |
| 100 | 1 | _aBastos, T.X. | |
| 100 | 1 | _aModesto Junior, M. de S. | |
| 100 | 1 | _aSampaio, J.E. | |
| 110 | 1 | _aEMBRAPA Amazonia Oriental, Belem, PA (Brasil) | |
| 245 | 1 | _aSecador solar para raspas de mandioca | |
| 260 | 3 |
_aBelem, PA (Brasil): _c1999. |
|
| 300 | _a18 p. | ||
| 490 |
_aCircular Tecnica - EMBRAPA Amazonia Oriental (Brazil) _vno. 1 _xISSN 1517-221X |
||
| 500 | _a11 ref.; 7 illus. | ||
| 650 | _aMandioca | ||
| 650 | _aRaspa | ||
| 650 | _aSecador Solar | ||
| 909 |
_a202312 _bLúcia Elande _c55 _dLúcia Elande |
||
| 942 |
_2AGRIS _n0 _cMS |
||
| 999 |
_c291746 _d291746 |
||